000 01252nam a2200313 i 4500
001 bg
003 KOSZ 005
005 20221117083536.0
008 081009s1958 pl a f 001 0 pol
015 _aPB 1958/4736
040 _aWA N
_cKOSZ 005/RW
_dKOSZ 005/RW
080 _a621
245 0 0 _aMechanik :
_bporadnik techniczny : dzieło zbiorowe.
_nT. 1, cz. 1,
_p Matematyka, mechanika /
_cpod red. Adama Tadeusza Troskolańskiego ; red. nauk. tomu Jan Obalski, Wiktor Surowiak, A. T. Troskolański.
246 3 0 _aMatematyka, Mechanika
250 _aWyd. 4 przer. i uzup.
260 _aWarszawa :
_bPaństwowe Wydawnictwa Techniczne,
_c1958.
300 _aXV, [1], 1079, [4] s., [3] k. tabl. :
_bil. ;
_c18 cm.
380 _aKsiążki.
504 _aBibliogr. przy rozdz. Indeks.
650 4 _aMechanika
650 4 _aTechnika
655 4 _aPoradnik
700 1 _aObalski, Jan
_d(1898-1968).
_eRed.
700 1 _aSurowiak, Wiktor.
_eRed.
710 2 _aPaństwowe Wydawnictwa Techniczne
_4pbl.
700 1 _aTroskolański, Adam Tadeusz
_d(1901-1982)
_eRedakcja
856 _uhttp://koha.tu.koszalin.pl/cgi-bin/koha/opac-detail.pl?biblionumber=10873
_yKatalog online BPK
942 _2UKD
_cKS
999 _c10873
_d10873